<?xml version="1.0" encoding="UTF-8"?>
<collection xmlns="http://www.loc.gov/MARC21/slim">
 <record>
  <leader>01719nam a2200409 i 4500</leader>
  <controlfield tag="001">elibro.ELB33760</controlfield>
  <controlfield tag="003">FlNmELB</controlfield>
  <controlfield tag="006">m     o  d |      </controlfield>
  <controlfield tag="007">cr cnu||||||||</controlfield>
  <controlfield tag="008">171114s2009    sp      o     001 0 spa d</controlfield>
  <datafield tag="020" ind1=" " ind2=" ">
   <subfield code="a">9788498237399 (e-book)</subfield>
  </datafield>
  <datafield tag="035" ind1=" " ind2=" ">
   <subfield code="a">(MiAaPQ)EBC5102676</subfield>
  </datafield>
  <datafield tag="035" ind1=" " ind2=" ">
   <subfield code="a">(Au-PeEL)EBL5102676</subfield>
  </datafield>
  <datafield tag="035" ind1=" " ind2=" ">
   <subfield code="a">(CaPaEBR)ebr11453342</subfield>
  </datafield>
  <datafield tag="035" ind1=" " ind2=" ">
   <subfield code="a">(OCoLC)1105883756</subfield>
  </datafield>
  <datafield tag="040" ind1=" " ind2=" ">
   <subfield code="a">FINmELB</subfield>
   <subfield code="b">spa</subfield>
   <subfield code="e">rda</subfield>
   <subfield code="c">FINmELB</subfield>
  </datafield>
  <datafield tag="050" ind1=" " ind2="4">
   <subfield code="a">LB1028</subfield>
   <subfield code="b">C138 2009</subfield>
  </datafield>
  <datafield tag="080" ind1=" " ind2=" ">
   <subfield code="a">37</subfield>
  </datafield>
  <datafield tag="082" ind1="0" ind2=" ">
   <subfield code="a">370.7</subfield>
   <subfield code="2">23</subfield>
  </datafield>
  <datafield tag="100" ind1="1" ind2=" ">
   <subfield code="a">Cañizares Márquez, José María.</subfield>
  </datafield>
  <datafield tag="245" ind1="1" ind2="0">
   <subfield code="a">Programación didáctica en educación física :</subfield>
   <subfield code="b">guía para su realización: oposiciones de acceso al cuerpo de maestros /</subfield>
   <subfield code="c">José María Cañizares Márquez, Carmen Carbonero Celis.</subfield>
  </datafield>
  <datafield tag="264" ind1=" " ind2="1">
   <subfield code="a">Sevilla :</subfield>
   <subfield code="b">Wanceulen Editorial,</subfield>
   <subfield code="c">2009.</subfield>
  </datafield>
  <datafield tag="300" ind1=" " ind2=" ">
   <subfield code="a">1 recurso en línea (158 páginas)</subfield>
  </datafield>
  <datafield tag="336" ind1=" " ind2=" ">
   <subfield code="a">texto</subfield>
   <subfield code="b">txt</subfield>
   <subfield code="2">rdacontent/spa</subfield>
  </datafield>
  <datafield tag="337" ind1=" " ind2=" ">
   <subfield code="a">computadora</subfield>
   <subfield code="b">c</subfield>
   <subfield code="2">rdamedia/spa</subfield>
  </datafield>
  <datafield tag="338" ind1=" " ind2=" ">
   <subfield code="a">recurso en línea</subfield>
   <subfield code="b">cr</subfield>
   <subfield code="2">rdacarrier/spa</subfield>
  </datafield>
  <datafield tag="500" ind1=" " ind2=" ">
   <subfield code="a">Incluye índice.</subfield>
  </datafield>
  <datafield tag="588" ind1=" " ind2=" ">
   <subfield code="a">Descripción basada en recurso en línea; Título de la página del título en PDF (e-libro, visto November 14, 2017).</subfield>
  </datafield>
  <datafield tag="590" ind1=" " ind2=" ">
   <subfield code="a">Recurso electrónico. Santa Fe, Arg. : e-libro, 2017. Disponible vía World Wide Web. El acceso puede ser limitado para las bibliotecas afiliadas a e-Libro.</subfield>
  </datafield>
  <datafield tag="650" ind1=" " ind2="0">
   <subfield code="a">Physical education and training</subfield>
   <subfield code="x">Teacher training.</subfield>
  </datafield>
  <datafield tag="650" ind1=" " ind2="4">
   <subfield code="a">Educación y entrenamiento físico</subfield>
   <subfield code="x">Formación docente.</subfield>
  </datafield>
  <datafield tag="650" ind1=" " ind2="0">
   <subfield code="a">Teacher orientation.</subfield>
  </datafield>
  <datafield tag="650" ind1=" " ind2="4">
   <subfield code="a">Orientación docente.</subfield>
  </datafield>
  <datafield tag="655" ind1=" " ind2="4">
   <subfield code="a">Libros electrónicos.</subfield>
  </datafield>
  <datafield tag="700" ind1="1" ind2=" ">
   <subfield code="a">Carbonero Celis, Carmen,</subfield>
   <subfield code="e">autora.</subfield>
  </datafield>
  <datafield tag="797" ind1="2" ind2=" ">
   <subfield code="a">e-libro, Corp.</subfield>
  </datafield>
  <datafield tag="856" ind1="4" ind2="0">
   <subfield code="u">https://elibro.net/ereader/unsbiblio/33760</subfield>
  </datafield>
 </record>
</collection>
